[Event "Goch op 26th"]
[Site "Goch"]
[Date "2015.09.05"]
[Round "5"]
[White "Ries, Heinz Gerd"]
[Black "Stein, Tobias"]
[Result "0-1"]
[WhiteElo "1779"]
[BlackElo "2020"]
[PlyCount "112"]
[EventDate "2015.09.03"]
[EventType "swiss"]
[EventRounds "7"]
[EventCountry "GER"]
[SourceTitle "EXT 2018"]
[Source "ChessBase"]
[SourceDate "2017.10.13"]
[SourceVersion "1"]
[SourceVersionDate "2017.10.13"]
[SourceQuality "1"]

1. d4 Nf6 2. Nf3 g6 3. c4 Bg7 4. Nc3 0-0 5. e4 d6 6. h3 e5 7. dxe5 dxe5 8. Qxd8 Rxd8 9. Bg5 Re8 10. Rd1 h6 11. Bxf6 Bxf6 12. Nb5 Na6 13. Be2 Be6 14. 0-0 Rec8 15. Rd2 Nc5 16. Nc3 c6 17. Rfd1 a5 18. b3 Kf8 19. Nh2 Bg5 20. Rd6 Be7 21. R6d2 f5 22. Bf3 Bg5 23. Rd6 Ke7 24. g4 Rd8 25. Rxd8 Rxd8 26. Rxd8 Kxd8 27. Nf1 a4 28. gxf5 gxf5 29. exf5 Bxf5 30. Ng3 Bxh3 31. Nce4 Nxe4 32. Nxe4 axb3 33. axb3 Be7 34. Bd1 Be6 35. Kg2 Kc7 36. Kg3 b5 37. Be2 Kb6 38. f4 exf4+ 39. Kxf4 bxc4 40. bxc4 Bg8 41. Ke5 Bh7 42. Nd2 Kc5 43. Nb3+ Kb4 44. Nd4 c5 45. Ne6 Bg8 46. Kf5 Bf7 47. Bf1 h5 48. Be2 h4 49. Bf1 Kc3 50. Ke5 Kd2 51. Kf5 Ke1 52. Bd3 Kf2 53. Ke5 Kg3 54. Bf1 h3 55. Bxh3 Kxh3 56. Nxc5 Bxc5 0-1

[Event "Goch op 04th"]
[Site "Goch"]
[Date "1993.??.??"]
[Round "4"]
[White "Ries, Heinz Gerd"]
[Black "Wellner, Emil"]
[Result "0-1"]
[WhiteElo "1840"]
[BlackElo "2015"]
[PlyCount "56"]
[EventDate "1993.10.??"]
[EventType "swiss"]
[EventRounds "7"]
[EventCountry "GER"]
[SourceTitle "EXT 1998"]
[Source "ChessBase"]
[SourceDate "1997.11.17"]
[SourceVersion "1"]
[SourceVersionDate "1997.11.17"]
[SourceQuality "1"]

1. d4 Nf6 2. c4 e6 3. Nc3 Bb4 4. Qc2 0-0 5. e3 b6 6. Nf3 Bb7 7. Be2 Ne4 8. 0-0 Bxc3 9. bxc3 f5 10. a4 a5 11. Ba3 d6 12. Qb3 Rf6 13. c5 Rg6 14. g3 Nd7 15. Rfd1 Rb8 16. cxb6 cxb6 17. c4 Ndf6 18. Ne1 Ng4 19. Nd3 Nxh2 20. Nf4 Nxg3 21. Nxg6 Nxe2+ 22. Kxh2 hxg6 23. d5 exd5 24. f3 Qh4+ 25. Kg2 Qg3+ 26. Kf1 Qxf3+ 27. Ke1 Re8 28. Rd3 Nd4 0-1